<?xml version="1.0" encoding="UTF-8"?>
<record
    xmlns:xsi="http://www.w3.org/2001/XMLSchema-instance"
    xsi:schemaLocation="http://www.loc.gov/MARC21/slim http://www.loc.gov/standards/marcxml/schema/MARC21slim.xsd"
    xmlns="http://www.loc.gov/MARC21/slim">

  <leader>00945nam a22002297a 4500</leader>
  <controlfield tag="005">20240530110553.0</controlfield>
  <controlfield tag="008">160730s2013    ua ||||g b    00| 0 ara d</controlfield>
  <datafield tag="017" ind1=" " ind2=" ">
    <subfield code="a">2013/8971</subfield>
    <subfield code="b">&#x645;&#x635;&#x631;. &#x62F;&#x627;&#x631; &#x627;&#x644;&#x643;&#x62A;&#x628; &#x627;&#x644;&#x648;&#x637;&#x646;&#x64A;&#x629;</subfield>
  </datafield>
  <datafield tag="020" ind1=" " ind2=" ">
    <subfield code="a">9789773832714</subfield>
  </datafield>
  <datafield tag="040" ind1=" " ind2=" ">
    <subfield code="a">EG-CaGPL</subfield>
  </datafield>
  <datafield tag="082" ind1="0" ind2="4">
    <subfield code="a">219.7/</subfield>
    <subfield code="b">&#x62E; &#x62A;</subfield>
    <subfield code="2">21</subfield>
  </datafield>
  <datafield tag="100" ind1="0" ind2=" ">
    <subfield code="a">&#x62E;&#x627;&#x644;&#x62F; &#x645;&#x62D;&#x645;&#x62F; &#x64A;&#x648;&#x633;&#x641; &#x627;&#x644;&#x62A;&#x648;&#x64A;&#x645;</subfield>
  </datafield>
  <datafield tag="245" ind1="1" ind2="2">
    <subfield code="a">&#x627;&#x644;&#x62A;&#x628;&#x639;&#x64A;&#x629; &#x627;&#x644;&#x641;&#x643;&#x631;&#x64A;&#x629; &#x641;&#x64A; &#x645;&#x62C;&#x627;&#x644; &#x627;&#x644;&#x62A;&#x631;&#x628;&#x64A;&#x629; &#x648;&#x639;&#x644;&#x627;&#x62C;&#x647;&#x627; &#x645;&#x646; &#x645;&#x646;&#x638;&#x648;&#x631; &#x627;&#x633;&#x644;&#x627;&#x645;&#x64A; /</subfield>
    <subfield code="c">&#x627;&#x639;&#x62F;&#x627;&#x62F; &#x62E;&#x627;&#x644;&#x62F; &#x645;&#x62D;&#x645;&#x62F; &#x64A;&#x648;&#x633;&#x641; &#x627;&#x644;&#x62A;&#x648;&#x64A;&#x645;.</subfield>
  </datafield>
  <datafield tag="250" ind1=" " ind2=" ">
    <subfield code="a">&#x637;. 1.</subfield>
  </datafield>
  <datafield tag="260" ind1=" " ind2=" ">
    <subfield code="a">&#x627;&#x644;&#x642;&#x627;&#x647;&#x631;&#x629; :</subfield>
    <subfield code="b">&#x627;&#x64A;&#x62A;&#x631;&#x627;&#x643; &#x644;&#x644;&#x637;&#x628;&#x627;&#x639;&#x629; &#x648;&#x627;&#x644;&#x646;&#x634;&#x631; &#x648;&#x627;&#x644;&#x62A;&#x648;&#x632;&#x64A;&#x639;&#x60C;</subfield>
    <subfield code="c">2013.</subfield>
  </datafield>
  <datafield tag="300" ind1=" " ind2=" ">
    <subfield code="a">456 &#x635;. &#x61B;</subfield>
    <subfield code="c">24 &#x633;&#x645;.</subfield>
  </datafield>
  <datafield tag="504" ind1=" " ind2=" ">
    <subfield code="a">&#x628;&#x628;&#x644;&#x64A;&#x648;&#x62C;&#x631;&#x627;&#x641;&#x64A;&#x629; : &#x635;. 430-456</subfield>
  </datafield>
  <datafield tag="650" ind1=" " ind2="4">
    <subfield code="a">&#x627;&#x644;&#x627;&#x633;&#x644;&#x627;&#x645; &#x648;&#x627;&#x644;&#x627;&#x635;&#x644;&#x627;&#x62D; &#x627;&#x644;&#x62A;&#x639;&#x644;&#x64A;&#x645;&#x64A;</subfield>
  </datafield>
  <datafield tag="650" ind1=" " ind2="4">
    <subfield code="a">&#x627;&#x644;&#x627;&#x633;&#x644;&#x627;&#x645; &#x648;&#x627;&#x644;&#x627;&#x635;&#x644;&#x627;&#x62D; &#x627;&#x644;&#x62B;&#x642;&#x627;&#x641;&#x64A;</subfield>
  </datafield>
  <datafield tag="942" ind1=" " ind2=" ">
    <subfield code="2">ddc</subfield>
    <subfield code="c">BK</subfield>
  </datafield>
  <datafield tag="999" ind1=" " ind2=" ">
    <subfield code="c">62512</subfield>
    <subfield code="d">62512</subfield>
  </datafield>
  <datafield tag="952" ind1=" " ind2=" ">
    <subfield code="0">0</subfield>
    <subfield code="1">0</subfield>
    <subfield code="4">0</subfield>
    <subfield code="7">0</subfield>
    <subfield code="a">CAI</subfield>
    <subfield code="b">CAI</subfield>
    <subfield code="d">2016-07-30</subfield>
    <subfield code="l">0</subfield>
    <subfield code="o">219.7/ &#x62E; &#x62A;</subfield>
    <subfield code="p">162270</subfield>
    <subfield code="r">2016-07-30 00:00:00</subfield>
    <subfield code="w">2016-07-30</subfield>
    <subfield code="y">BK</subfield>
  </datafield>
</record>
